[Event "ICS rated blitz match"]
[Site "204.178.125.65"]
[Date "2000.09.21"]
[Round "?"]
[White "Hossa"]
[Black "WitPaard"]
[Result "1-0"]
[WhiteElo "2579"]
[BlackElo "2377"]
[PlyCount "71"]
[EventDate "2000.??.??"]

1. e4 e5 2. Nf3 Nc6 3. Nc3 Nf6 4. Nxe5 Nxe5 5. d4 Ng6 6. e5 Ng8 7. Bc4 c6 8.
Qf3 d5 9. exd6 Qf6 10. Qe3+ Be6 11. Ne4 Qf5 12. Ng3 Qf6 13. Ne4 Qf5 14. Ng3 Qf6
15. Ne4 Qf5 16. O-O O-O-O 17. Bd3 Qh5 18. d5 Bxd5 19. Qxa7 Bxd6 20. Nxd6+ Rxd6
21. Bd2 c5 22. Qxc5+ Rc6 23. Qa5 N8e7 24. c4 Ra6 25. Qc5+ Rc6 26. Qb5 Ne5 27.
cxd5 Nxd5 28. Be2 Qg6 29. Qxd5 f6 30. Qa5 Rd8 31. Qa8+ Kd7 32. Qxb7+ Rc7 33.
Qd5+ Ke8 34. Bb5+ Nd7 35. Rfe1+ Kf8 36. Bb4+ {WitPaard resigns} 1-0

[Event "ICS rated blitz match"]
[Site "204.178.125.65"]
[Date "2000.09.21"]
[Round "?"]
[White "Valg"]
[Black "Hossa"]
[Result "1-0"]
[WhiteElo "2490"]
[BlackElo "2587"]
[PlyCount "211"]
[EventDate "2000.??.??"]

1. e4 e5 2. Nf3 Nc6 3. Bc4 Bc5 4. b4 Bxb4 5. c3 Ba5 6. d4 d6 7. Qb3 Qd7 8. dxe5
dxe5 9. O-O Bb6 10. Rd1 Qe7 11. a4 Bc5 12. Ba3 Bxa3 13. Qxa3 Qxa3 14. Nxa3 Bg4
15. Rab1 Bxf3 16. gxf3 Rb8 17. Nb5 Rc8 18. Na3 Nd8 19. Rd5 f6 20. Rbd1 Ne7 21.
Rd7 a6 22. Nc2 Nf7 23. Ne3 Nd6 24. Be6 g6 25. Rb1 b6 26. Rd1 a5 27. Ng4 Rf8 28.
Ne3 h6 29. Rd3 Nb7 30. Nd5 Nxd5 31. R7xd5 Rd8 32. Rxd8+ Nxd8 33. Bc8 Nf7 34.
Rd7 Ng5 35. Rd3 f5 36. exf5 gxf5 37. Kg2 Rf6 38. Kf1 c6 39. Ke1 Nh3 40. Re3 Kd8
41. Ba6 Re6 42. Bf1 Nf4 43. Bc4 Re8 44. Kd2 Kd7 45. Bf7 Re7 46. Bc4 Kd6 47. Re1
Kc5 48. Bb3 Rd7+ 49. Kc2 Kd6 50. Rd1+ Ke7 51. Bc4 Rxd1 52. Kxd1 h5 53. Kd2 h4
54. Ba6 Kf6 55. Bb7 c5 56. Bc6 Kg5 57. Ke3 h3 58. Bb5 Kh6 59. Be8 Kg7 60. c4
Kf6 61. Bd7 Kg6 62. Be8+ Kg5 63. Bd7 Ng2+ 64. Ke2 Kf4 65. Bc6 Nh4 66. Bb7 Ng6
67. Bc6 Nf8 68. Bd5 Ng6 69. Bc6 Ne7 70. Be8 Nc8 71. Bd7 Nd6 72. Be6 Ne8 73. Kd3
Kxf3 74. Bxf5 Kg2 75. Be6 Kxh2 76. Ke4 Kg2 77. Kxe5 h2 78. f4 Nc7 79. Bf5 Na6
80. Be4+ Kg3 81. f5 Nb8 82. f6 Nd7+ 83. Ke6 Nf8+ 84. Kf7 Nh7 85. Ke7 Ng5 86.
Bh1 Kf2 87. f7 Nxf7 88. Kxf7 Kg1 89. Bd5 Kf1 90. Ke6 Kg1 91. Kd6 Kf1 92. Kc6
Kg1 93. Kxb6 Kf2 94. Kxa5 Kg3 95. Kb6 Kf4 96. a5 Kg5 97. a6 Kf4 98. Kxc5 Ke3
99. a7 Ke2 100. Kd4 Kf1 101. a8=Q h1=Q 102. Bxh1 Ke2 103. Qe4+ Kd2 104. Qg2+
Ke1 105. Kc3 Kd1 106. Qd2# {Hossa checkmated} 1-0

[Event "ICS Rated standard match"]
[Site "204.178.125.65"]
[Date "2000.09.21"]
[Round "?"]
[White "Hossa"]
[Black "mainboard64"]
[Result "1-0"]
[WhiteElo "2388"]
[BlackElo "1947"]
[PlyCount "57"]
[EventDate "2000.??.??"]

1. d4 d5 2. c4 e6 3. Nc3 Nf6 4. cxd5 exd5 5. Bf4 c6 6. e3 Be7 7. Bd3 Nbd7 8. a3
O-O 9. b3 g6 10. Nf3 Nh5 11. Bh6 Re8 12. O-O Bf8 13. Bxf8 Nxf8 14. Qd2 Qf6 15.
b4 Bf5 16. b5 Bxd3 17. Qxd3 Ne6 18. bxc6 bxc6 19. Rab1 Reb8 20. Rxb8+ Rxb8 21.
Qa6 Rb3 22. Qxc6 Rxa3 23. Nxd5 Qd8 24. Qb7 Qa5 25. Ne5 Nd8 26. Qd7 Kg7 27. g4
Nf6 28. Nxf6 Kxf6 29. Nc4 {mainboard64 resigns} 1-0

[Event "ICS Rated blitz match"]
[Site "204.178.125.65"]
[Date "2000.09.21"]
[Round "?"]
[White "Hossa"]
[Black "PostModernist"]
[Result "1-0"]
[WhiteElo "2567"]
[BlackElo "2731"]
[PlyCount "123"]
[EventDate "2000.??.??"]

1. e4 c6 2. d4 d5 3. Nc3 dxe4 4. Nxe4 Bf5 5. Ng3 Bg6 6. h4 h6 7. Nf3 Nd7 8. h5
Bh7 9. Bd3 Bxd3 10. Qxd3 e6 11. Bd2 Qc7 12. O-O-O Ngf6 13. Ne4 O-O-O 14. Nxf6
Nxf6 15. Qc4 Bd6 16. Qa4 Ne4 17. Be3 Kb8 18. Kb1 Qb6 19. Rd3 Qb4 20. Qxb4 Bxb4
21. Ne5 Rhf8 22. Rb3 c5 23. dxc5 Bxc5 24. Nc6+ Ka8 25. Nxd8 Rxd8 26. Bxc5 Nxc5
27. Rg3 Rg8 28. Rd1 Kb8 29. Rc3 Ne4 30. Rc4 Nf6 31. g4 e5 32. f3 e4 33. Rc3 Re8
34. Re3 a5 35. Rd4 exf3 36. Rxe8+ Nxe8 37. Rf4 Nf6 38. Rxf3 Kc8 39. Rf5 Nxg4
40. Rxf7 Nf6 41. Rxg7 Nxh5 42. Rh7 Ng3 43. Rxh6 Ne4 44. Rh5 b6 45. Rh7 Nd2+ 46.
Kc1 Ne4 47. c3 Nf6 48. Ra7 Kb8 49. Rf7 Ne4 50. Re7 Nd6 51. Kd2 a4 52. Kd3 Kc8
53. c4 Kb8 54. Rd7 Nb7 55. b4 axb3 56. Rxb7+ Kxb7 57. axb3 Kc6 58. Kd4 Kd6 59.
b4 Ke6 60. Ke4 Kd6 61. Kf5 Kd7 62. Ke5 {PostModernist resigns} 1-0

[Event "ICS Rated blitz match"]
[Site "204.178.125.65"]
[Date "2000.09.21"]
[Round "?"]
[White "PostModernist"]
[Black "Hossa"]
[Result "1/2-1/2"]
[WhiteElo "2708"]
[BlackElo "2590"]
[PlyCount "275"]
[EventDate "2000.??.??"]

1. e4 e5 2. Bc4 Nf6 3. d3 Nc6 4. Nf3 Bc5 5. c3 d6 6. O-O O-O 7. Nbd2 Be6 8. Bb3
a6 9. Bxe6 fxe6 10. Nb3 Bb6 11. Bg5 Qe7 12. a4 Qf7 13. a5 Ba7 14. Qe2 Nh5 15.
Bd2 Nf4 16. Bxf4 Qxf4 17. Rfe1 Rf7 18. Rac1 Raf8 19. d4 Qg4 20. h3 Qg6 21. Kh2
Qh5 22. d5 exd5 23. exd5 Ne7 24. Nbd2 Nxd5 25. Rf1 Nf4 26. Qe4 c6 27. Rce1 g5
28. Kh1 Nxh3 29. gxh3 Qxh3+ 30. Nh2 Rf4 31. Re3 Qh4 32. Qd3 Bxe3 33. Qxe3 R8f7
34. Kg1 h5 35. b3 g4 36. Ne4 Rd7 37. Re1 d5 38. Nc5 Rg7 39. Qg3 Qf6 40. Rxe5
Qxe5 41. Nd3 Qxc3 42. Nxf4 Qe5 43. Ng2 Qe7 44. Qb8+ Kh7 45. Qg3 Rf7 46. Qd3+
Kg7 47. Nf1 Qf6 48. Qe2 Kh7 49. b4 Rf8 50. Nd2 Kg8 51. Nb3 Qf7 52. Nc5 Re8 53.
Qb2 Re7 54. Nh4 Re1+ 55. Kg2 Re8 56. Kg1 Qe7 57. Ng6 Qg7 58. Qb1 Qc3 59. Nd3
Qf6 60. Ngf4 Qf5 61. Qb2 h4 62. Qd2 g3 63. fxg3 hxg3 64. Kg2 Qg4 65. Nc5 Re7
66. Nfe6 Rxe6 67. Nxe6 Qxe6 68. Qf4 Qe2+ 69. Kxg3 Qe7 70. Kf3 Kh7 71. Qg4 Qf6+
72. Ke2 Qb2+ 73. Kd3 Qb1+ 74. Kd2 Qg6 75. Qd7+ Qg7 76. Qf5+ Kh6 77. Qh3+ Kg5
78. Qg3+ Kf6 79. Qd6+ Kf5 80. Kd3 Qh7 81. Kd2 Kg4 82. Qe5 Qf7 83. Qe2+ Kg3 84.
Qe3+ Kg2 85. Qe2+ Kh3 86. Qd3+ Kh4 87. Qd4+ Kh5 88. Qe3 Qc7 89. Qf3+ Kg5 90.
Qg2+ Kf5 91. Qh3+ Kg6 92. Qg4+ Kf6 93. Qh4+ Kg7 94. Qg4+ Kf8 95. Qf5+ Qf7 96.
Qc8+ Kg7 97. Qg4+ Kf6 98. Qf3+ Ke7 99. Qg3 Kd7 100. Qh3+ Qe6 101. Qh7+ Qe7 102.
Qh3+ Ke8 103. Qc8+ Kf7 104. Qf5+ Kg7 105. Qg4+ Kh6 106. Qh3+ Kg5 107. Qg3+ Kf5
108. Qf2+ Ke6 109. Qe3+ Kf6 110. Qf4+ Kg6 111. Kd3 Qh7 112. Kc2 Kh5+ 113. Kc3
Qe7 114. Kb3 Qe6 115. Qc7 Qe3+ 116. Ka4 c5 117. Qh2+ Kg5 118. Qg2+ Kf4 119.
Qxd5 cxb4 120. Kxb4 Qe7+ 121. Kb3 Ke3 122. Qf5 Qc7 123. Qg5+ Kf3 124. Qd5+ Kf4
125. Qd2+ Kf5 126. Qd5+ Kf6 127. Qf3+ Ke6 128. Qh3+ Kd5 129. Qd3+ Kc6 130. Qc2+
Kd6 131. Qd3+ Ke7 132. Qh7+ Kd8 133. Qh8+ Kd7 134. Qh3+ Ke8 135. Qh8+ Kd7 136.
Qh3+ Ke8 137. Qh8+ Kd7 138. Qh3+ {Game drawn by repetition} 1/2-1/2

[Event "ICS rated standard match"]
[Site "204.178.125.65"]
[Date "2000.09.21"]
[Round "?"]
[White "Valg"]
[Black "Hossa"]
[Result "0-1"]
[WhiteElo "2317"]
[BlackElo "2390"]
[PlyCount "100"]
[EventDate "2000.??.??"]

1. d4 d5 2. c4 e6 3. Nc3 Nf6 4. Bg5 Be7 5. e3 O-O 6. Nf3 Nbd7 7. Rc1 c6 8. Bd3
dxc4 9. Bxc4 Nd5 10. Bxe7 Qxe7 11. O-O Nxc3 12. Rxc3 e5 13. dxe5 Nxe5 14. Nxe5
Qxe5 15. f4 Qe4 16. Bb3 Be6 17. Bc2 Qb4 18. f5 Qxb2 19. Qa1 Qxa1 20. Rxa1 Bc8
21. Rd1 Re8 22. Kf2 g6 23. g4 Kg7 24. Rc5 gxf5 25. gxf5 Rb8 26. Rd6 f6 27. Bb3
Ra8 28. Kf3 a5 29. Rd4 Kf8 30. Ra4 b5 31. Rd4 a4 32. Bc2 Ra7 33. Rd6 Rd7 34.
Rxf6+ Kg7 35. Rfxc6 Bb7 36. h4 Rc8 37. Be4 Bxc6 38. Rxc6 Rxc6 39. Bxc6 Rd2 40.
e4 Rxa2 41. e5 Rc2 42. f6+ Kf7 43. Bd5+ Ke8 44. Be4 Rc3+ 45. Kf2 a3 46. Bd5 Rc4
47. h5 a2 48. f7+ Kf8 49. Bxc4 bxc4 50. e6 a1=Q {Valg resigns} 0-1

[Event "ICS rated blitz match"]
[Site "204.178.125.65"]
[Date "2000.09.21"]
[Round "?"]
[White "WitPaard"]
[Black "Hossa"]
[Result "0-1"]
[WhiteElo "2325"]
[BlackElo "2586"]
[PlyCount "34"]
[EventDate "2000.??.??"]

1. e4 e5 2. d4 exd4 3. Qxd4 Nc6 4. Qe3 Nf6 5. Nc3 Bb4 6. Bd2 O-O 7. O-O-O Re8
8. Qg3 Rxe4 9. a3 Rg4 10. Qe3 Ba5 11. Be2 Bb6 12. Qh3 d6 13. Bxg4 Nxg4 14. Qg3
Nxf2 15. Bh6 Qf6 16. Bg5 Nxh1 17. Qh4 Be3+ {WitPaard resigns} 0-1

[Event "ICS rated standard match"]
[Site "204.178.125.65"]
[Date "2000.09.21"]
[Round "?"]
[White "Hossa"]
[Black "devil98"]
[Result "1-0"]
[WhiteElo "2403"]
[BlackElo "2047"]
[PlyCount "123"]
[EventDate "2000.??.??"]

1. c4 e6 2. Nc3 d5 3. d4 c6 4. Nf3 Nf6 5. e3 Nbd7 6. Bd2 Bb4 7. cxd5 exd5 8.
Bd3 O-O 9. O-O Nb6 10. Qc2 Bg4 11. Ng5 h6 12. Nh7 Nxh7 13. Bxh7+ Kh8 14. Bd3
Qd7 15. Na4 Bd6 16. Nxb6 axb6 17. Bc3 b5 18. f3 Be6 19. Qf2 f5 20. a3 Rae8 21.
Ba5 Ra8 22. Bb6 Qe7 23. Rac1 b4 24. axb4 Bxb4 25. Ra1 Bd6 26. Rfe1 Bc7 27. Bc5
Bd6 28. b4 b6 29. Bxb6 Bxb4 30. Reb1 Bd6 31. Rxa8 Rxa8 32. Qc2 f4 33. e4 dxe4
34. Qxc6 Rf8 35. Qxe4 Bf5 36. Qxe7 Bxe7 37. Bxf5 Rxf5 38. Re1 Bb4 39. Re5 Rxe5
40. dxe5 g5 41. Bd8 Kg7 42. h4 gxh4 43. e6 Kf8 44. Kh2 Be7 45. Bxe7+ Kxe7 46.
Kh3 Kxe6 47. Kxh4 Kf6 48. Kh5 Kg7 49. Kg4 Kg6 50. Kxf4 Kf6 51. g4 Kg6 52. Ke5
Kg5 53. f4+ Kxg4 54. f5 h5 55. f6 h4 56. f7 h3 57. f8=Q h2 58. Qf4+ Kh3 59.
Qf3+ Kh4 60. Qf2+ Kh3 61. Kf4 h1=Q 62. Qg3# {devil98 checkmated} 1-0

[Event "ICS rated blitz match"]
[Site "204.178.125.65"]
[Date "2000.09.21"]
[Round "?"]
[White "Hossa"]
[Black "lambChop"]
[Result "1-0"]
[WhiteElo "2592"]
[BlackElo "2496"]
[PlyCount "94"]
[EventDate "2000.??.??"]

1. e4 c5 2. Nf3 e6 3. d4 cxd4 4. Nxd4 Nc6 5. Nc3 Qc7 6. Be2 a6 7. O-O Nf6 8.
Be3 Bb4 9. Na4 Be7 10. Nxc6 bxc6 11. Nb6 Rb8 12. Nxc8 Qxc8 13. e5 Nd5 14. Bc1
Bc5 15. a3 Qc7 16. Bxa6 Qxe5 17. Qe2 f6 18. Rd1 O-O 19. Bd3 Bd4 20. c3 Bc5 21.
a4 Kh8 22. a5 Qxe2 23. Bxe2 d6 24. Re1 e5 25. b4 Ba7 26. Bd2 f5 27. Bd3 f4 28.
Be4 Ne7 29. Bf3 Rf6 30. Ra2 Rbf8 31. c4 Bd4 32. b5 cxb5 33. cxb5 Rb8 34. a6 Nc8
35. Rb1 Na7 36. Bb7 f3 37. b6 Rg6 38. g3 Bxb6 39. Rxb6 Rf6 40. Be3 Rf7 41. Rb1
Nc8 42. Rc1 Rf8 43. Bxc8 Rbxc8 44. Rxc8 Rxc8 45. a7 Kg8 46. Rb2 Kf8 47. Rb8
Rxb8 {lambChop resigns} 1-0

[Event "ICS Rated blitz match"]
[Site "204.178.125.65"]
[Date "2000.09.21"]
[Round "?"]
[White "lambChop"]
[Black "Hossa"]
[Result "1-0"]
[WhiteElo "2484"]
[BlackElo "2604"]
[PlyCount "87"]
[EventDate "2000.??.??"]

1. Nf3 d5 2. d4 c6 3. c4 dxc4 4. e3 b5 5. a4 Nf6 6. axb5 cxb5 7. b3 Qc7 8. bxc4
bxc4 9. Nc3 e6 10. Qa4+ Nc6 11. Bd2 Nd7 12. Qxc4 Nb6 13. Qb3 Bd7 14. Bd3 Nb4
15. Be4 Bc6 16. O-O Bxe4 17. Nxe4 Qc4 18. Qb1 Qb5 19. Ne5 a5 20. Ng5 Ra7 21.
Rc1 Qd5 22. Rc6 Qb5 23. Nxh7 Be7 24. Rxe6 fxe6 25. Qg6+ Kd8 26. Nf7+ Kd7 27.
Nxh8 Qf5 28. Qxg7 Nd3 29. f4 Kd8 30. Nf7+ Kd7 31. Nh6 Qb5 32. Nf8+ Kd6 33. Nf7+
Kd5 34. e4+ Kxe4 35. Nxe6 Qh5 36. Neg5+ Kd5 37. Ne5 Nc5 38. Qg8+ Kd6 39. dxc5+
Kxc5 40. Be3+ Kd6 41. Qb8+ Kd5 42. Rxa5+ Rxa5 43. Qb7+ Kd6 44. Qc6# {
Hossa checkmated} 1-0

[Event "ICS rated blitz match"]
[Site "204.178.125.65"]
[Date "2000.09.21"]
[Round "?"]
[White "Hossa"]
[Black "counterplay"]
[Result "0-1"]
[WhiteElo "2583"]
[BlackElo "2769"]
[PlyCount "69"]
[EventDate "2000.??.??"]

1. c4 Nf6 2. Nc3 c5 3. Nf3 Nc6 4. d4 cxd4 5. Nxd4 e6 6. Bf4 Bb4 7. a3 Bxc3+ 8.
bxc3 O-O 9. Bd6 Re8 10. f3 a6 11. e4 e5 12. Nf5 g6 13. Ne3 Re6 14. c5 Qa5 15.
Qd2 b5 16. g3 Qd8 17. Bh3 Re8 18. Nd5 Nxd5 19. exd5 Na5 20. Qh6 Nc4 21. O-O
Nxd6 22. cxd6 Qb6+ 23. Rf2 Qxd6 24. f4 Qxd5 25. Bg2 e4 26. f5 Qc5 27. fxg6 hxg6
28. Raf1 Re7 29. Rc1 Bb7 30. Bh1 e3 31. Re2 Qxa3 32. Ree1 Bxh1 33. Kxh1 Qc5 34.
Rc2 b4 35. Rce2 {Hossa resigns} 0-1

[Event "ICS rated blitz match"]
[Site "204.178.125.65"]
[Date "2000.09.21"]
[Round "?"]
[White "Colorado"]
[Black "Hossa"]
[Result "1-0"]
[WhiteElo "2752"]
[BlackElo "2575"]
[PlyCount "131"]
[EventDate "2000.??.??"]

1. e4 d5 2. exd5 Qxd5 3. Nc3 Qd6 4. d4 Nf6 5. Nf3 c6 6. Ne5 Nbd7 7. Nc4 Qe6+ 8.
Be2 b5 9. Ne3 Nb6 10. O-O b4 11. Nb1 Qd7 12. a3 bxa3 13. Nxa3 e6 14. Nac4 Bb7
15. Na5 Bd6 16. c4 Nc8 17. c5 Bf4 18. Ng4 Nd5 19. Bc4 Bxc1 20. Rxc1 Nce7 21.
Qb3 Rb8 22. Ba6 Bxa6 23. Qxb8+ Qd8 24. Qxd8+ Kxd8 25. Ne5 Rf8 26. Rfe1 Kc7 27.
f3 f6 28. Nec4 Kd7 29. Kf2 Nb4 30. Rcd1 Rd8 31. f4 Nbd5 32. g3 Nf5 33. g4 Nfe7
34. Kg3 Rb8 35. Rd3 Rb4 36. Rc1 Ng6 37. Rf3 Rb8 38. Ra1 Nc7 39. Re1 Ne7 40. h3
Ned5 41. Re4 g6 42. h4 Rb4 43. b3 Bxc4 44. bxc4 Ne7 45. Rc3 Rb1 46. g5 Nf5+ 47.
Kh2 Ne8 48. d5 cxd5 49. cxd5 Rb5 50. dxe6+ Kc7 51. Nb3 Nxh4 52. Ra4 Kb8 53. Rd4
Kc8 54. e7 Kc7 55. Rd8 Rb8 56. Rcd3 fxg5 57. R3d7+ Kc6 58. Nd4+ Kxc5 59. Rxb8
Nd6 60. Rc8+ Nxc8 61. e8=Q Nb6 62. Rc7+ Kxd4 63. Qe5+ Kd3 64. Rc3+ Kd2 65. Qe3+
Kd1 66. Rc1# {Hossa checkmated} 1-0

[Event "ICS Rated blitz match"]
[Site "204.178.125.65"]
[Date "2000.09.21"]
[Round "?"]
[White "Hossa"]
[Black "HaraldLdahl"]
[Result "1-0"]
[WhiteElo "2589"]
[BlackElo "2121"]
[PlyCount "47"]
[EventDate "2000.??.??"]

1. e4 Nf6 2. Bc4 Nxe4 3. Nf3 d5 4. Be2 Nf6 5. d4 Bg4 6. Ne5 Bxe2 7. Qxe2 Nfd7
8. Qb5 Qc8 9. Qxd5 Nxe5 10. dxe5 e6 11. Qe4 Be7 12. Qg4 g6 13. Bh6 Bf8 14. Bxf8
Kxf8 15. Qf4 h6 16. Nc3 Nd7 17. O-O-O c6 18. Ne4 Qc7 19. Nf6 Nxf6 20. Qxf6 Rg8
21. Qf4 g5 22. Qf6 h5 23. Rd3 h4 24. Rhd1 {HaraldLdahl resigns} 1-0

[Event "ICS Rated blitz match"]
[Site "204.178.125.65"]
[Date "2000.09.21"]
[Round "?"]
[White "kokomo"]
[Black "Hossa"]
[Result "0-1"]
[WhiteElo "1959"]
[BlackElo "2592"]
[PlyCount "46"]
[EventDate "2000.??.??"]

1. d4 d5 2. e4 dxe4 3. Nc3 Nf6 4. f3 exf3 5. Nxf3 e6 6. Bg5 Be7 7. Bd3 c5 8.
O-O O-O 9. Kh1 h6 10. Bh4 g5 11. Bg3 g4 12. Ne5 cxd4 13. Ne4 Nxe4 14. Bxe4 f5
15. Bd3 Bg5 16. Bf4 Bxf4 17. Rxf4 Qc7 18. Qe2 Nc6 19. Ng6 Rf6 20. Bxf5 exf5 21.
Qe8+ Kh7 22. Nf8+ Kg7 23. Raf1 Qe7 {kokomo resigns} 0-1

[Event "ICS rated bullet match"]
[Site "204.178.125.65"]
[Date "2000.09.21"]
[Round "?"]
[White "Hossa"]
[Black "JSBach"]
[Result "1-0"]
[WhiteElo "2437"]
[BlackElo "2023"]
[PlyCount "77"]
[EventDate "2000.??.??"]

1. e4 e6 2. d4 Qh4 3. Nd2 Bb4 4. c3 Be7 5. g3 Qf6 6. Nc4 Nc6 7. e5 Qg6 8. Bd3
f5 9. Nf3 b5 10. Ne3 Ba6 11. a4 Rb8 12. axb5 Bxb5 13. c4 Bb4+ 14. Kf1 Bxc4 15.
Bxc4 Nge7 16. d5 Na5 17. dxe6 dxe6 18. Rxa5 Bxa5 19. Qa4+ c6 20. Qxa5 O-O 21.
Nd4 Nd5 22. Nxc6 Nxe3+ 23. Bxe3 Rb7 24. Qa6 Rd7 25. Nxa7 Re8 26. Bb5 Rd1+ 27.
Kg2 Red8 28. Rxd1 Ra8 29. Nc8 Rxa6 30. Rd8+ Qe8 31. Rxe8+ Kf7 32. Nd6+ Rxd6 33.
exd6 f4 34. gxf4 e5 35. fxe5 g5 36. d7 h6 37. Bd3 g4 38. Bd4 h5 39. e6# {
JSBach checkmated} 1-0

[Event "ICS rated blitz match"]
[Site "204.178.125.65"]
[Date "2000.09.21"]
[Round "?"]
[White "Hossa"]
[Black "PostModernist"]
[Result "0-1"]
[WhiteElo "2603"]
[BlackElo "2691"]
[PlyCount "121"]
[EventDate "2000.??.??"]

1. e4 g6 2. d4 Bg7 3. Nc3 e6 4. Nf3 d6 5. Be2 Nd7 6. O-O Ne7 7. Be3 e5 8. Qd2
exd4 9. Nxd4 Nc5 10. Ndb5 a6 11. Bd4 Bxd4 12. Nxd4 Bd7 13. Qf4 Nc6 14. Nf3 Ne6
15. Qc1 g5 16. Nd5 g4 17. Nd2 h5 18. Nb3 Qh4 19. g3 Qd8 20. Qd2 Ne5 21. Na5 Ng5
22. Qc3 Bc6 23. Qb4 Bxd5 24. exd5 b6 25. Nc6 Nxc6 26. dxc6 O-O 27. f4 Nh3+ 28.
Kh1 Qe8 29. Bd3 Qxc6+ 30. Be4 d5 31. Bg2 Rad8 32. Qd2 Rfe8 33. Rae1 Rxe1 34.
Rxe1 Qc5 35. Re3 Kg7 36. b4 Qc4 37. a3 d4 38. Re7 c5 39. Re5 cxb4 40. axb4 d3
41. cxd3 Rxd3 42. Qb2 Qd4 43. Qxd4 Rxd4 44. Bf1 Rxb4 45. Rxh5 Rb1 46. Kg2 Rb2+
47. Kh1 Nf2+ 48. Kg1 a5 49. Rb5 Nh3+ 50. Kh1 Rxb5 51. Bxb5 Nf2+ 52. Kg2 Ne4 53.
Bd7 Nc3 54. h4 gxh3+ 55. Kxh3 b5 56. f5 b4 57. Bc8 b3 58. Kg4 b2 59. Bb7 b1=Q
60. Bg2 a4 61. Kg5 {Hossa resigns} 0-1

[Event "ICS rated blitz match"]
[Site "204.178.125.65"]
[Date "2000.09.21"]
[Round "?"]
[White "PostModernist"]
[Black "Hossa"]
[Result "1-0"]
[WhiteElo "2703"]
[BlackElo "2591"]
[PlyCount "191"]
[EventDate "2000.??.??"]

1. e4 e5 2. Bc4 Nf6 3. d3 Nc6 4. Nf3 Bc5 5. c3 d6 6. O-O O-O 7. b4 Bb6 8. Qb3
a6 9. Ng5 Qe7 10. a4 h6 11. Nf3 Bg4 12. Nbd2 Qd7 13. Bb2 Ba7 14. Rfe1 Nh5 15.
h3 Bxh3 16. gxh3 Qxh3 17. d4 Nf4 18. Bf1 Qg4+ 19. Kh1 Rfe8 20. b5 Qh5+ 21. Nh2
Na5 22. Qd1 Qh4 23. Qf3 exd4 24. cxd4 Ne6 25. Qe3 Bb6 26. bxa6 bxa6 27. Rac1
Re7 28. Kg1 Ree8 29. Rb1 Nc6 30. Ndf3 Qf6 31. Ng4 Qg6 32. Bh3 h5 33. Nh4 Qh7
34. Nh2 Bxd4 35. Bf5 g6 36. Bxd4 Nexd4 37. Bd7 Re7 38. Bxc6 Nxc6 39. Rbc1 Ne5
40. f4 Ng4 41. Nxg4 hxg4 42. Qg3 Qh5 43. Rc6 a5 44. Rc2 Rae8 45. Rd1 Rxe4 46.
Ng2 R8e7 47. Ra2 Rb4 48. Nh4 Re8 49. Rc2 Rb7 50. Rdc1 c5 51. Rh2 Qd5 52. Qxg4
Qd4+ 53. Kh1 Qxa4 54. Ng2 Rb2 55. Qh4 Kg7 56. Qh6+ Kf6 57. Qh4+ Kf5 58. Ne3+
Rxe3 59. Qg5+ Ke6 60. Qg4+ Ke7 61. Rxb2 Qe4+ 62. Kh2 Kd8 63. Rcb1 f5 64. Qh4+
Kd7 65. Qh7+ Ke6 66. Qxg6+ Kd5 67. Qg8+ Kd4 68. Qh8+ Kc4 69. Rc1+ Kd5 70. Qg8+
Qe6 71. Qa8+ Kd4 72. Rd2+ Rd3 73. Rxd3+ Kxd3 74. Qf3+ Qe3 75. Rd1+ Kc2 76. Qxe3
Kxd1 77. Qd3+ Kc1 78. Qxf5 a4 79. Qd3 a3 80. Qxd6 c4 81. Qxa3+ Kc2 82. f5 Kd2
83. Qb4+ Kd3 84. Qxc4+ Kxc4 85. f6 Kd4 86. f7 Ke4 87. f8=Q Kd5 88. Qh6 Kc4 89.
Qc6+ Kd4 90. Qb5 Ke4 91. Kg2 Kf4 92. Qd5 Ke3 93. Qc4 Kd2 94. Kf2 Kd1 95. Ke3
Ke1 96. Qe2# {Hossa checkmated} 1-0

[Event "ICS rated standard match"]
[Site "204.178.125.65"]
[Date "2000.09.21"]
[Round "?"]
[White "PostModernist"]
[Black "Hossa"]
[Result "1-0"]
[WhiteElo "2451"]
[BlackElo "2407"]
[PlyCount "128"]
[EventDate "2000.??.??"]

1. e4 e5 2. Bc4 Nf6 3. d3 Nc6 4. Nf3 Bc5 5. O-O d6 6. c3 O-O 7. Re1 Bg4 8. Nbd2
Qe7 9. Nf1 Be6 10. Bxe6 fxe6 11. b4 Bb6 12. Be3 Bxe3 13. Nxe3 a6 14. a4 a5 15.
b5 Nd8 16. Nc4 b6 17. Rc1 Nf7 18. d4 Nxe4 19. Rxe4 d5 20. Rxe5 dxc4 21. Re1
Rae8 22. Qe2 Nd6 23. Ne5 Rf6 24. Nxc4 Nxc4 25. Qxc4 Ref8 26. Rc2 Qf7 27. f3 Rd8
28. Rce2 Rd6 29. Re5 Rh6 30. R1e3 Rf6 31. Qd3 Rd7 32. Qe2 Rd6 33. d5 Qd7 34.
dxe6 Qe7 35. Qc4 Kh8 36. Qh4 Kg8 37. Qe4 Rd1+ 38. Re1 Rd2 39. Re2 Rd1+ 40. Kf2
Rh6 41. Qf4 Rf6 42. Rf5 Rxf5 43. Qxf5 g6 44. Qe5 Qh4+ 45. Ke3 Qe7 46. Kf4 Qh4+
47. g4 Qe7 48. h4 Ra1 49. Re4 Rf1 50. Kg3 Rg1+ 51. Kf2 Rd1 52. g5 Rd2+ 53. Kg3
Rd6 54. Qf6 Qe8 55. Re3 Rd1 56. e7 Rg1+ 57. Kf2 Rd1 58. Qc6 Kf7 59. Qxc7 Rd2+
60. Ke1 Rb2 61. Re4 Rb1+ 62. Kd2 Rb2+ 63. Kc1 Rg2 64. Rf4+ Kg8 {Hossa resigns}
1-0

[Event "ICS rated blitz match"]
[Site "204.178.125.65"]
[Date "2000.09.22"]
[Round "?"]
[White "Hossa"]
[Black "Maup"]
[Result "1-0"]
[WhiteElo "2580"]
[BlackElo "2089"]
[PlyCount "63"]
[EventDate "2000.??.??"]

1. e4 d6 2. d4 e6 3. Nc3 Ne7 4. Nf3 Nd7 5. Be3 b6 6. Bc4 Bb7 7. O-O g6 8. Qe2
a6 9. d5 e5 10. Qd2 h6 11. a4 Bg7 12. a5 b5 13. Bb3 Rb8 14. Qe2 Ba8 15. Rfe1
Bb7 16. Nd2 Ba8 17. Qf3 Bb7 18. Nf1 Ba8 19. Na2 Bb7 20. Nb4 Ra8 21. Rab1 Rb8
22. Ng3 Ra8 23. Rbc1 Rc8 24. Ra1 Rb8 25. c4 bxc4 26. Bxc4 Ra8 27. Rec1 O-O 28.
Qe2 Qc8 29. Ba2 f5 30. Bb6 Nxb6 31. axb6 c5 32. dxc6+ {Maup resigns} 1-0

[Event "ICS rated blitz match"]
[Site "204.178.125.65"]
[Date "2000.09.22"]
[Round "?"]
[White "Maup"]
[Black "Hossa"]
[Result "0-1"]
[WhiteElo "2087"]
[BlackElo "2582"]
[PlyCount "38"]
[EventDate "2000.??.??"]

1. d3 d5 2. Nd2 e5 3. g3 Nf6 4. Bg2 Nc6 5. e3 Be7 6. Ne2 O-O 7. h3 Bf5 8. a3 a6
9. b3 Bc5 10. Bb2 Qe7 11. Ra2 Rac8 12. Ra1 Qd6 13. Ra2 Qd8 14. Ra1 Ra8 15. Rb1
Qe7 16. Ra1 a5 17. a4 Rfd8 18. Ra2 Nb4 19. Ra1 Bxd3 {Maup resigns} 0-1

[Event "ICS rated blitz match"]
[Site "204.178.125.65"]
[Date "2000.09.22"]
[Round "?"]
[White "Hossa"]
[Black "Maup"]
[Result "1-0"]
[WhiteElo "2584"]
[BlackElo "2085"]
[PlyCount "55"]
[EventDate "2000.??.??"]

1. e4 e6 2. Nf3 c5 3. Nc3 Nc6 4. Bc4 a6 5. O-O b5 6. Be2 Nf6 7. d3 d5 8. Bf4
Be7 9. exd5 Nxd5 10. Nxd5 Qxd5 11. a4 Bb7 12. axb5 axb5 13. Rxa8+ Bxa8 14. c4
bxc4 15. dxc4 Qxd1 16. Rxd1 O-O 17. Rd7 Rd8 18. Rxd8+ Bxd8 19. Bd6 Nd4 20. Nxd4
cxd4 21. Bd3 f6 22. b4 e5 23. f3 Kf7 24. c5 Bd5 25. b5 g6 26. b6 Ke6 27. Ba6
Bxb6 28. Bc8+ {Maup resigns} 1-0

[Event "ICS rated blitz match"]
[Site "204.178.125.65"]
[Date "2000.09.22"]
[Round "?"]
[White "Maup"]
[Black "Hossa"]
[Result "0-1"]
[WhiteElo "2083"]
[BlackElo "2586"]
[PlyCount "118"]
[EventDate "2000.??.??"]

1. d4 d5 2. c4 e6 3. Nc3 Nf6 4. Nf3 Be7 5. Bg5 h6 6. Bxf6 Bxf6 7. Qc2 O-O 8.
cxd5 exd5 9. e3 Nc6 10. a3 Re8 11. Be2 Ne7 12. O-O c6 13. Rfe1 Kh8 14. b4 Be6
15. Na4 Qc7 16. Nc5 Bf5 17. Bd3 Bg4 18. Be2 b6 19. Nd3 Bf5 20. Qd2 Ng6 21. Rec1
Kg8 22. Rc3 Bd7 23. Rac1 a6 24. Qa2 Qd6 25. R1c2 Ra7 26. Qb2 Qb8 27. Qc1 Ra8
28. h3 Ra7 29. Kh1 Rc8 30. Kg1 Rd8 31. Kh1 a5 32. Kg1 a4 33. Kh1 Re8 34. Kg1
Rc8 35. Kh1 Ra8 36. Kg1 Qb7 37. Kh1 Re8 38. Kg1 Rac8 39. Kh1 Qb8 40. Kg1 Qc7
41. Kh1 Qd8 42. Kg1 Ra8 43. Kh1 Qb8 44. Kg1 Rd8 45. Kh1 Qb7 46. Kg1 Rac8 47.
Kh1 Rc7 48. Kg1 Rdc8 49. Kh1 Bf5 50. Kg1 Nf8 51. Kh1 Be4 52. Nd2 Bg6 53. Nf3
Ne6 54. Kg1 Bf5 55. Kh1 Be4 56. Nd2 Bg6 57. Nf3 c5 58. bxc5 bxc5 59. Nde5 Bxc2
{Maup resigns} 0-1

[Event "ICS rated blitz match"]
[Site "204.178.125.65"]
[Date "2000.09.22"]
[Round "?"]
[White "Hossa"]
[Black "Maup"]
[Result "1-0"]
[WhiteElo "2588"]
[BlackElo "2081"]
[PlyCount "25"]
[EventDate "2000.??.??"]

1. e4 d6 2. d4 g6 3. Nc3 Bg7 4. Nf3 Nf6 5. Be2 O-O 6. h3 Nfd7 7. O-O e5 8. dxe5
Nxe5 9. Nxe5 Bxe5 10. Bh6 Bg7 11. Bxg7 Kxg7 12. Qd4+ Qf6 13. Qxf6+ {
Maup resigns} 1-0